[Event "Pardubice op rapid 32nd"]
[Site "Pardubice"]
[Date "2021.07.22"]
[Round "9"]
[White "Honek, Jan"]
[Black "Boehning, Kilian"]
[Result "0-1"]
[WhiteElo "1831"]
[BlackElo "2230"]
[PlyCount "62"]
[EventDate "2021.07.21"]
[EventType "swiss (rapid)"]
[EventRounds "9"]
[EventCountry "CZE"]
[SourceTitle "CBM 203 Extra"]
[Source "ChessBase"]
[SourceDate "2021.09.30"]
[SourceVersion "1"]
[SourceVersionDate "2021.09.30"]
[SourceQuality "1"]

1. d4 f5 2. Nd2 Nf6 3. g3 g6 4. Bg2 Bg7 5. e4 fxe4 6. Nxe4 0-0 7. Nxf6+ exf6 8. Nf3 Re8+ 9. Be3 Bh6 10. Kd2 Bxe3+ 11. fxe3 d5 12. a4 c6 13. Ra3 Bf5 14. Nh4 Be4 15. Bxe4 Rxe4 16. Rf1 Nd7 17. Qf3 Qe7 18. Rb3 b6 19. Ng2 c5 20. Qf2 f5 21. Nf4 Nf6 22. Qg1 Re8 23. Rf3 cxd4 24. exd4 Re1 25. Qg2 Ra1 26. Rfe3 Ne4+ 27. Ke2 Qc7 28. Rbc3 Nxc3+ 29. bxc3 Rxe3+ 30. Kxe3 Qxc3+ 31. Nd3 Re1+ 0-1

[Event "Wohlen op 1st"]
[Site "Wohlen"]
[Date "2020.08.23"]
[Round "5"]
[White "Boehning, Kilian"]
[Black "Priewasser, Joerg"]
[Result "1-0"]
[WhiteElo "2208"]
[BlackElo "2080"]
[PlyCount "85"]
[EventDate "2020.08.21"]
[EventType "swiss"]
[EventRounds "5"]
[EventCountry "SUI"]
[SourceTitle "CBM 198 Extra"]
[Source "ChessBase"]
[SourceDate "2020.11.30"]
[SourceVersion "1"]
[SourceVersionDate "2020.11.30"]
[SourceQuality "1"]

1. d4 d6 2. Nc3 g6 3. e4 Bg7 4. h4 h5 5. Bc4 Nf6 6. Bg5 a6 7. a4 Nc6 8. Nge2 Nh7 9. Be3 e5 10. d5 Ne7 11. Qd2 f5 12. f3 Bf6 13. 0-0-0 Bd7 14. Kb1 Nc8 15. exf5 gxf5 16. Bd3 Ne7 17. Rde1 Kf7 18. g4 hxg4 19. fxg4 f4 20. Bxf4 exf4 21. g5 Bg7 22. Nxf4 Kg8 23. Ne6 Bxe6 24. dxe6 Be5 25. Ne4 Kg7 26. Nf6 Nxf6 27. gxf6+ Kxf6 28. Qg5+ Kxe6 29. Qg4+ Kf7 30. Rhf1+ Ke8 31. Bc4 Rh7 32. Be6 Rg7 33. Qf3 Ng6 34. Bf7+ Kd7 35. Bxg6 Qxh4 36. Bf5+ Ke8 37. Qxb7 Rd8 38. Qc6+ Kf8 39. Bg6+ Kg8 40. Qd5+ Kh8 41. Rh1 Qxh1 42. Rxh1+ Rh7 43. Rxh7# 1-0

[Event "Wohlen op 1st"]
[Site "Wohlen"]
[Date "2020.08.21"]
[Round "1"]
[White "Boehning, Kilian"]
[Black "Arsenie, Cristian Marc"]
[Result "1-0"]
[WhiteElo "2208"]
[BlackElo "1564"]
[PlyCount "57"]
[EventDate "2020.08.21"]
[EventType "swiss"]
[EventRounds "5"]
[EventCountry "SUI"]
[SourceTitle "CBM 198 Extra"]
[Source "ChessBase"]
[SourceDate "2020.11.30"]
[SourceVersion "1"]
[SourceVersionDate "2020.11.30"]
[SourceQuality "1"]

1. d4 d5 2. Nc3 Nf6 3. Bf4 e6 4. e3 Bb4 5. Bd3 Bxc3+ 6. bxc3 Nbd7 7. Nf3 a6 8. 0-0 0-0 9. Ne5 Nxe5 10. Bxe5 Nd7 11. Bg3 g6 12. f3 f5 13. c4 Nf6 14. Be5 b6 15. Qe1 Bb7 16. a4 Nd7 17. Bf4 Kg7 18. a5 h6 19. e4 g5 20. Qg3 dxe4 21. fxe4 Rc8 22. axb6 cxb6 23. Bd6 Rf7 24. exf5 exf5 25. Bxf5 Rxc4 26. Be6 Rxf1+ 27. Rxf1 Rxc2 28. Rf7+ Kh8 29. Be5+ 1-0

[Event "Pardubice Czech op-A 30th"]
[Site "Pardubice"]
[Date "2019.07.20"]
[Round "2"]
[White "Nurkiewicz, Maciej"]
[Black "Boehning, Kilian"]
[Result "1-0"]
[WhiteElo "2334"]
[BlackElo "2115"]
[PlyCount "47"]
[EventDate "2019.07.19"]
[EventType "swiss"]
[EventRounds "9"]
[EventCountry "CZE"]
[SourceTitle "CBM 191"]
[Source "ChessBase"]
[SourceDate "2019.08.31"]
[SourceVersion "1"]
[SourceVersionDate "2019.08.31"]
[SourceQuality "1"]

1. d4 f5 2. Nf3 Nf6 3. g3 g6 4. Bg2 Bg7 5. 0-0 0-0 6. b3 d6 7. Bb2 Qe8 8. Nbd2 c6 9. c4 Nbd7 10. e4 f4 11. e5 dxe5 12. dxe5 Ng4 13. Qe2 fxg3 14. fxg3 Nc5 15. b4 Na4 16. Bd4 Be6 17. Ng5 Qd7 18. Ndf3 Nh6 19. Nxe6 Qxe6 20. Ng5 Qg4 21. Rxf8+ Rxf8 22. Qxg4 Nxg4 23. Ne6 Nxe5 24. Nxg7 1-0

[Event "Niedersachsen-ch op A"]
[Site "Verden"]
[Date "2019.01.04"]
[Round "3"]
[White "Helmer, Jan"]
[Black "Boehning, Kilian"]
[Result "0-1"]
[WhiteElo "1850"]
[BlackElo "2108"]
[PlyCount "93"]
[EventDate "2019.01.03"]
[EventType "swiss"]
[EventRounds "7"]
[EventCountry "GER"]
[SourceTitle "EXT 2022"]
[Source "ChessBase"]
[SourceDate "2021.10.06"]
[SourceVersion "1"]
[SourceVersionDate "2021.10.06"]
[SourceQuality "1"]

1. d4 f5 2. Bg5 g6 3. e3 Bg7 4. Nf3 Nf6 5. h4 h6 6. Bf4 d6 7. Nc3 c6 8. Bd3 Ng4 9. Nh2 e5 10. dxe5 dxe5 11. Bg3 Nxh2 12. Rxh2 Be6 13. Qe2 b5 14. f3 Qa5 15. Qd2 b4 16. Nd1 c5 17. Be2 Ke7 18. Kf1 Nc6 19. Be1 Qb6 20. c3 Rhd8 21. Qc1 a5 22. e4 f4 23. Bf2 Rac8 24. cxb4 Nxb4 25. a3 Nd3 26. Qc3 Nxf2 27. Nxf2 c4 28. Rd1 Rd4 29. Rh1 Rcd8 30. Rg1 Bf6 31. Rh1 h5 32. Ke1 Kf7 33. Rc1 R8d7 34. Rc2 Qd8 35. Rh2 Be7 36. Rc1 Rb7 37. Bd1 Qb6 38. Rb1 Rd3 39. Qc2 Re3+ 40. Kf1 Rb3 41. Be2 Rxb2 42. Rxb2 Qxb2 43. Qa4 Qd4 44. Qxa5 Bc5 45. Qe1 Rb1 46. Bd1 c3 47. Rh1 0-1

[Event "GER-chT U20"]
[Site "Osnabrueck"]
[Date "2018.12.27"]
[Round "1.1"]
[White "Boehning, Kilian"]
[Black "Browning, Alex"]
[Result "0-1"]
[WhiteElo "2097"]
[BlackElo "2052"]
[PlyCount "68"]
[EventDate "2018.12.27"]
[EventType "team-swiss"]
[EventRounds "7"]
[EventCountry "GER"]
[SourceTitle "CBM 188 Extra"]
[Source "ChessBase"]
[SourceDate "2019.02.26"]
[SourceVersion "1"]
[SourceVersionDate "2019.02.26"]
[SourceQuality "1"]
[WhiteTeam "Hagen"]
[BlackTeam "Halver Schalksmuehle"]
[WhiteTeamCountry "GER"]
[BlackTeamCountry "GER"]

1. d4 Nf6 2. Nf3 g6 3. g3 Bg7 4. Bg2 0-0 5. 0-0 d6 6. c4 Nc6 7. Nc3 a6 8. h3 Rb8 9. e4 b5 10. Qe2 e5 11. dxe5 Nxe5 12. Nxe5 dxe5 13. cxb5 axb5 14. Bg5 c6 15. Rfd1 Qe7 16. Rac1 h6 17. Be3 Be6 18. b3 Rfd8 19. Kh2 h5 20. Nb1 Rxd1 21. Qxd1 Ra8 22. Qc2 Ra6 23. Bc5 Qe8 24. Bf1 h4 25. Be3 hxg3+ 26. fxg3 Ra8 27. Nd2 Qf8 28. Bc5 Qd8 29. Bg2 Bh6 30. Rd1 Qa5 31. a3 Rd8 32. b4 Qa4 33. Nb3 Rxd1 34. Qxd1 Nd7 0-1

[Event "JBLN West 1819"]
[Site "Germany"]
[Date "2018.11.04"]
[Round "2.1"]
[White "Boehning, Kilian"]
[Black "Stelmaszyk, Nico"]
[Result "0-1"]
[WhiteElo "2119"]
[BlackElo "2111"]
[PlyCount "72"]
[EventDate "2018.09.23"]
[EventType "team-tourn"]
[EventRounds "9"]
[EventCountry "GER"]
[SourceTitle "EXT 2020"]
[Source "ChessBase"]
[SourceDate "2019.10.17"]
[SourceVersion "1"]
[SourceVersionDate "2019.10.17"]
[SourceQuality "1"]
[WhiteTeam "Hagen U20"]
[BlackTeam "Lehrte U20"]
[WhiteTeamCountry "GER"]
[BlackTeamCountry "GER"]

1. d4 Nf6 2. g4 Nxg4 3. e4 d5 4. Be2 Nh6 5. exd5 Qxd5 6. Nf3 e6 7. Rg1 Nf5 8. c4 Qd8 9. Nc3 Be7 10. Ne4 b6 11. Ng3 Nxg3 12. Rxg3 Bf6 13. Be3 Bb7 14. Qc2 Qe7 15. 0-0-0 Nd7 16. Bf4 0-0-0 17. Be3 c5 18. d5 exd5 19. cxd5 Ne5 20. Bf4 Ng6 21. d6 Qe4 22. Qxe4 Bxe4 23. Ba6+ Kb8 24. Ng5 Bb7 25. Bxb7 Kxb7 26. Be3 Rd7 27. f4 Kc6 28. f5 Nh4 29. Rf1 Re8 30. Nxh7 Bd8 31. Bd2 Re2 32. f6 gxf6 33. Bf4 Ng6 34. h4 Re4 35. Rxg6 fxg6 36. Nf8 Rg7 0-1

[Event "Bremen-ch op"]
[Site "Bremen"]
[Date "2018.03.25"]
[Round "2"]
[White "Boehning, Kilian"]
[Black "Verfuerth, Kevin"]
[Result "1-0"]
[WhiteElo "2109"]
[BlackElo "1910"]
[PlyCount "105"]
[EventDate "2018.03.24"]
[EventType "swiss"]
[EventRounds "9"]
[EventCountry "GER"]
[SourceTitle "EXT 2019"]
[Source "ChessBase"]
[SourceDate "2018.10.10"]
[SourceVersion "1"]
[SourceVersionDate "2018.10.10"]
[SourceQuality "1"]

1. d4 Nf6 2. c4 e6 3. Nf3 d5 4. g3 dxc4 5. Bg2 a6 6. 0-0 b5 7. Ne5 Nd5 8. e4 Nb4 9. a4 Bb7 10. Nc3 c6 11. Qh5 Qc7 12. Bf4 Qe7 13. Rad1 g6 14. Qh3 Bg7 15. d5 0-0 16. dxc6 Bc8 17. c7 Qxc7 18. axb5 Bxe5 19. b6 Qc5 20. Be3 Qe7 21. f4 Bg7 22. e5 Bb7 23. Ne4 Bxe4 24. Bxe4 N8c6 25. Qg2 Rac8 26. Rd6 Nd5 27. Bxd5 exd5 28. Qxd5 Nd8 29. Rd7 Qe6 30. Qxe6 fxe6 31. b7 Nxb7 32. Rxb7 Rb8 33. Rxb8 Rxb8 34. Bd4 Rd8 35. Bc3 Bf8 36. Ra1 Bc5+ 37. Kf1 Bd4 38. Rxa6 Bxc3 39. bxc3 Rd3 40. Rxe6 Rxc3 41. Rc6 Rc1+ 42. Kg2 c3 43. Kh3 c2 44. Kg4 Kf7 45. Kg5 Ke7 46. Kh6 Kd7 47. Rc3 Ke6 48. Kxh7 g5 49. fxg5 Kxe5 50. g6 Rd1 51. Rxc2 Rd7+ 52. g7 Kf6 53. Rf2+ 1-0

[Event "Bremen Silvester op"]
[Site "Bremen"]
[Date "2017.12.28"]
[Round "4"]
[White "Modder, Frank"]
[Black "Boehning, Kilian"]
[Result "1/2-1/2"]
[WhiteElo "1874"]
[BlackElo "2101"]
[PlyCount "70"]
[EventDate "2017.12.27"]
[EventType "swiss"]
[EventRounds "7"]
[EventCountry "GER"]
[SourceTitle "CBM 182 Extra"]
[Source "ChessBase"]
[SourceDate "2018.02.23"]
[SourceVersion "1"]
[SourceVersionDate "2018.02.23"]
[SourceQuality "1"]

1. d4 Nf6 2. Nf3 e6 3. e3 Be7 4. Bd3 0-0 5. 0-0 c5 6. c3 b6 7. Nbd2 Ba6 8. Bxa6 Nxa6 9. Qe2 Nb8 10. Qd3 Nc6 11. e4 d6 12. d5 Nb8 13. dxe6 fxe6 14. e5 dxe5 15. Nxe5 Qd5 16. Ndf3 Nbd7 17. Qe2 Nxe5 18. Qxe5 Bd6 19. Qe2 e5 20. Rd1 Qe6 21. Ng5 Qe7 22. Qc4+ Kh8 23. Ne4 Nxe4 24. Qxe4 Qf6 25. Be3 Rad8 26. c4 Be7 27. Rd5 Rxd5 28. cxd5 Bd6 29. b3 Qf5 30. f3 g6 31. a4 Qc8 32. Qc4 Qb8 33. Qe4 Qb7 34. Qc4 Qb8 35. Qe4 Qb7 1/2-1/2

[Event "Bremen Silvester op"]
[Site "Bremen"]
[Date "2017.12.28"]
[Round "3"]
[White "Schuette, Marc"]
[Black "Boehning, Kilian"]
[Result "0-1"]
[WhiteElo "2132"]
[BlackElo "2101"]
[PlyCount "130"]
[EventDate "2017.12.27"]
[EventType "swiss"]
[EventRounds "7"]
[EventCountry "GER"]
[SourceTitle "CBM 182 Extra"]
[Source "ChessBase"]
[SourceDate "2018.02.23"]
[SourceVersion "1"]
[SourceVersionDate "2018.02.23"]
[SourceQuality "1"]

1. e4 e5 2. Nf3 Nc6 3. Nc3 Nf6 4. Bb5 Nd4 5. Nxd4 exd4 6. e5 dxc3 7. exf6 Qxf6 8. dxc3 Bc5 9. 0-0 0-0 10. Qh5 Bb6 11. Bd3 g6 12. Qh6 d5 13. Bg5 Qg7 14. Qh4 Re8 15. Bh6 Qh8 16. Rae1 Be6 17. Bg5 c6 18. g4 Qg7 19. Bf6 Bd8 20. g5 Bxf6 21. gxf6 g5 22. Qd4 Qh6 23. Re3 c5 24. Qe5 Bd7 25. Qd6 Be6 26. f4 c4 27. f5 Bd7 28. Rxe8+ Bxe8 29. Be2 Bc6 30. Rf2 Re8 31. b3 Qh4 32. b4 Qh3 33. Qg3 Qxg3+ 34. hxg3 Re3 35. Bf3 Rxc3 36. Kh2 h6 37. b5 Bxb5 38. Bxd5 Ba4 39. Be4 h5 40. Rd2 Kh7 41. Rd8 Bxc2 42. Bd5 Rd3 43. Rd7 Rd2+ 44. Kg1 Kh6 45. Rd8 g4 46. Rh8+ Kg5 47. Bxf7 Kxf6 48. Bxc4 Bxf5 49. Rxh5 Ke5 50. Rh8 Kd4 51. Bd5 Rb2 52. Rd8 Kc5 53. Bb3 Be4 54. Kf1 b5 55. Bd1 Rxa2 56. Bxg4 a5 57. Be2 b4 58. Rb8 Kd4 59. Kf2 Bd5 60. Ke1 Ke3 61. Bd1 Rh2 62. Rf8 Rh1+ 63. Rf1 Rxf1+ 64. Kxf1 Kd2 65. Bg4 a4 0-1

[Event "Niedersachsen-ch op-B"]
[Site "Verden"]
[Date "2017.01.07"]
[Round "6"]
[White "Palmer, Harald"]
[Black "Boehning, Kilian"]
[Result "0-1"]
[WhiteElo "1880"]
[BlackElo "2146"]
[PlyCount "94"]
[EventDate "2017.01.05"]
[EventType "swiss"]
[EventRounds "7"]
[EventCountry "GER"]
[SourceTitle "CBM 187 Extra"]
[Source "ChessBase"]
[SourceDate "2018.11.04"]
[SourceVersion "1"]
[SourceVersionDate "2018.11.04"]
[SourceQuality "1"]

1. e4 e5 2. Nf3 Nc6 3. Bb5 a6 4. Ba4 Nf6 5. 0-0 b5 6. Bb3 Be7 7. Re1 d6 8. c3 0-0 9. d4 Bg4 10. d5 Nb8 11. a4 Nbd7 12. h3 Bh5 13. Bc2 Nc5 14. axb5 axb5 15. Rxa8 Qxa8 16. b4 Na4 17. Qd3 c6 18. c4 Nb6 19. Na3 bxc4 20. Nxc4 Nxc4 21. Qxc4 cxd5 22. exd5 Rc8 23. Qb3 Qxd5 24. Bg5 Bg6 25. Bxf6 Qxb3 26. Bxb3 Bxf6 27. Bd5 Rb8 28. Rc1 Bf5 29. Rc7 Be6 30. Rb7 Rxb7 31. Bxb7 Kf8 32. b5 Bd8 33. Bc6 f6 34. Kf1 Ke7 35. Ke2 d5 36. Nd2 Kd6 37. f3 Ba5 38. g4 g5 39. Kd3 f5 40. Nf1 f4 41. Nd2 Bxd2 42. Kxd2 Bd7 43. Bb7 Bxb5 44. Bc8 e4 45. fxe4 dxe4 46. Bf5 Ke5 47. Bxh7 e3+ 0-1

[Event "Niedersachsen-ch op-B"]
[Site "Verden"]
[Date "2017.01.05"]
[Round "2"]
[White "Boehning, Kilian"]
[Black "Freitag, Christian"]
[Result "0-1"]
[WhiteElo "2146"]
[BlackElo "1839"]
[PlyCount "44"]
[EventDate "2017.01.05"]
[EventType "swiss"]
[EventRounds "7"]
[EventCountry "GER"]
[SourceTitle "CBM 187 Extra"]
[Source "ChessBase"]
[SourceDate "2018.11.04"]
[SourceVersion "1"]
[SourceVersionDate "2018.11.04"]
[SourceQuality "1"]

1. e4 e5 2. f4 d5 3. d4 exd4 4. e5 c5 5. Nf3 Bf5 6. Bb5+ Nc6 7. 0-0 Qb6 8. Bd3 Bxd3 9. cxd3 c4 10. dxc4 dxc4 11. Kh1 0-0-0 12. Nbd2 Qb5 13. Qc2 Na5 14. Qf5+ Kb8 15. Qxf7 Nh6 16. Qe6 c3 17. b3 cxd2 18. Bxd2 Nc6 19. Rfd1 Qd5 20. Qh3 Be7 21. Re1 Rhf8 22. g4 Nb4 0-1

[Event "GER-ch U25-A"]
[Site "Willingen"]
[Date "2016.05.20"]
[Round "8"]
[White "Boehning, Kilian"]
[Black "Visvikis, Christos"]
[Result "1-0"]
[WhiteElo "2229"]
[BlackElo "1894"]
[PlyCount "61"]
[EventDate "2016.05.15"]
[EventType "swiss"]
[EventRounds "9"]
[EventCountry "GER"]
[SourceTitle "CBM 172 Extra"]
[Source "ChessBase"]
[SourceDate "2016.06.21"]
[SourceVersion "1"]
[SourceVersionDate "2016.06.21"]
[SourceQuality "1"]

1. e4 c5 2. a3 e6 3. Nf3 Nc6 4. Nc3 g6 5. Bb5 Nd4 6. Nxd4 cxd4 7. Ne2 Bg7 8. 0-0 Ne7 9. c3 a6 10. Ba4 b5 11. Bc2 dxc3 12. bxc3 d5 13. Rb1 Bb7 14. f3 0-0 15. a4 Qb6+ 16. Kh1 dxe4 17. Bxe4 Bxe4 18. fxe4 Qc6 19. Qc2 Rfb8 20. Ba3 Nc8 21. a5 Qc7 22. Qb3 Qxa5 23. Rxf7 Nd6 24. Rxg7+ Kxg7 25. Bxd6 Re8 26. Nd4 Qa4 27. Nxe6+ Kh6 28. Bf4+ g5 29. Qd5 Rg8 30. Bxg5+ Kh5 31. Be7+ 1-0

[Event "GER-ch U25-A"]
[Site "Willingen"]
[Date "2016.05.17"]
[Round "4"]
[White "Boehning, Kilian"]
[Black "Stemmler, Fabian"]
[Result "1-0"]
[WhiteElo "2229"]
[BlackElo "1935"]
[PlyCount "63"]
[EventDate "2016.05.15"]
[EventType "swiss"]
[EventRounds "9"]
[EventCountry "GER"]
[SourceTitle "CBM 172 Extra"]
[Source "ChessBase"]
[SourceDate "2016.06.21"]
[SourceVersion "1"]
[SourceVersionDate "2016.06.21"]
[SourceQuality "1"]

1. d4 e6 2. Nf3 f5 3. c4 Nf6 4. a3 Be7 5. Nc3 d6 6. Qd3 Nc6 7. Bf4 Nh5 8. g3 Nxf4 9. gxf4 Bf6 10. 0-0-0 Qe7 11. e4 fxe4 12. Nxe4 0-0 13. Qc2 e5 14. fxe5 dxe5 15. d5 Nd4 16. Nxd4 exd4 17. Bd3 Bf5 18. Rde1 Be5 19. Kb1 Bxe4 20. Bxe4 g6 21. Rhg1 Rf6 22. Bxg6 hxg6 23. Rxg6+ Rxg6 24. Qxg6+ Qg7 25. Qe6+ Kh7 26. Rxe5 Qg6+ 27. Kc1 Qg1+ 28. Kc2 d3+ 29. Kxd3 Qd1+ 30. Kc3 c5 31. Qf7+ Kh6 32. Qf6+ 1-0

[Event "GER-ch U25-A"]
[Site "Willingen"]
[Date "2016.05.17"]
[Round "5"]
[White "Quante, Lennart"]
[Black "Boehning, Kilian"]
[Result "1/2-1/2"]
[WhiteElo "2062"]
[BlackElo "2229"]
[PlyCount "143"]
[EventDate "2016.05.15"]
[EventType "swiss"]
[EventRounds "9"]
[EventCountry "GER"]
[SourceTitle "CBM 172 Extra"]
[Source "ChessBase"]
[SourceDate "2016.06.21"]
[SourceVersion "1"]
[SourceVersionDate "2016.06.21"]
[SourceQuality "1"]

1. d4 f5 2. Bg5 c6 3. c3 d6 4. Qc2 h6 5. Bc1 Nf6 6. Nf3 g5 7. Nbd2 Bg7 8. e4 fxe4 9. Nxe4 Nxe4 10. Qxe4 0-0 11. Bd3 Bf5 12. Qe2 e5 13. dxe5 dxe5 14. Bc4+ Kh7 15. 0-0 e4 16. Nd4 Bxd4 17. cxd4 b5 18. Bb3 a5 19. a4 b4 20. Be3 Qd6 21. Rfd1 Nd7 22. Rac1 Nf6 23. Qc4 Ng4 24. g3 Nxe3 25. fxe3 Bg4 26. Rf1 Bh3 27. Rf7+ Rxf7 28. Qxf7+ Kh8 29. Qh5 Bf5 30. Rc5 Rf8 31. Bf7 Bh7 32. Re5 Qf6 33. Re8 Kg7 34. Rxf8 Kxf8 35. Bb3 Ke7 36. Qe2 Kd6 37. Bd1 Bg8 38. Qc2 Qf5 39. Qe2 Be6 40. Qa6 g4 41. Qb6 h5 42. Qb8+ Ke7 43. Qc7+ Bd7 44. Qb8 c5 45. Qg8 Be6 46. Qg7+ Kd6 47. dxc5+ Qxc5 48. Qf8+ Kc6 49. Qa8+ Kb6 50. Qxe4 Qc8 51. Qe5 Bc4 52. Bc2 Be2 53. Qd4+ Ka6 54. Bd3+ Bxd3 55. Qxd3+ Ka7 56. Qd4+ Ka6 57. Qd3+ Ka7 58. Qe2 Qc5 59. Qd2 Kb7 60. Qd7+ Kb8 61. Qe8+ Kb7 62. Qe4+ Kb8 63. Kg2 Qc1 64. Qe8+ Ka7 65. Qd7+ Kb8 66. Qb5+ Kc8 67. Qf5+ Kb8 68. Qe5+ Kb7 69. Qb5+ Kc8 70. Qa6+ Kb8 71. Qe2 Kc7 72. b3 1/2-1/2

[Event "Bremen-ch op"]
[Site "Bremen"]
[Date "2016.03.22"]
[Round "5"]
[White "Boehning, Kilian"]
[Black "Jugelt, Tobias"]
[Result "0-1"]
[WhiteElo "2141"]
[BlackElo "2427"]
[PlyCount "88"]
[EventDate "2016.03.19"]
[EventType "swiss"]
[EventRounds "9"]
[EventCountry "GER"]
[SourceTitle "EXT 2018"]
[Source "ChessBase"]
[SourceDate "2017.10.13"]
[SourceVersion "1"]
[SourceVersionDate "2017.10.13"]
[SourceQuality "1"]

1. d4 d5 2. Nf3 Nf6 3. Bf4 e6 4. e3 c5 5. Nbd2 Nc6 6. c3 Bd6 7. Bg3 Bxg3 8. hxg3 Qd6 9. Bb5 Bd7 10. Bxc6 Bxc6 11. Ne5 Ke7 12. Nxc6+ bxc6 13. dxc5 Qxc5 14. Qa4 Rhb8 15. Nb3 Qd6 16. Rd1 h6 17. Rh4 c5 18. Qa3 Nd7 19. Ra4 a6 20. Nd2 Qb6 21. b3 Ke8 22. c4 Qc6 23. cxd5 exd5 24. Nf3 Kf8 25. Rad4 Nf6 26. Rf4 Kg8 27. Ne5 Qe6 28. Nd3 c4 29. bxc4 dxc4 30. Nc5 Qc6 31. Rxc4 Qxg2 32. Rdd4 Re8 33. Qa4 Qh1+ 34. Kd2 Qf3 35. Ke1 Rac8 36. Qa3 Qh1+ 37. Kd2 Qh5 38. Rc1 Qf3 39. Nd3 Ne4+ 40. Ke1 Nxg3 41. Nf4 Qh1+ 42. Kd2 Rxc1 43. Qxc1 Ne4+ 44. Rxe4 Qxc1+ 0-1

[Event "Niedersachsen-ch op"]
[Site "Verden"]
[Date "2016.01.05"]
[Round "5"]
[White "Boehning, Kilian"]
[Black "Balazs, Balint"]
[Result "0-1"]
[WhiteElo "2050"]
[BlackElo "1931"]
[PlyCount "72"]
[EventDate "2016.01.03"]
[EventType "swiss"]
[EventRounds "7"]
[EventCountry "GER"]
[SourceTitle "EXT 2018"]
[Source "ChessBase"]
[SourceDate "2017.10.13"]
[SourceVersion "1"]
[SourceVersionDate "2017.10.13"]
[SourceQuality "1"]

1. d4 e6 2. c4 Nf6 3. Nc3 Bb4 4. Qb3 Bxc3+ 5. Qxc3 b6 6. f3 d5 7. g4 dxc4 8. e4 Bb7 9. Bg2 0-0 10. Ne2 b5 11. b3 cxb3 12. Qxb3 Nc6 13. Bb2 b4 14. 0-0 a5 15. a4 Ba6 16. Rfc1 Qd7 17. Rxc6 Qxc6 18. Rc1 Qb6 19. Ng3 e5 20. g5 Nd7 21. Nf5 c5 22. Qd5 cxd4 23. Rc6 Qa7 24. g6 d3+ 25. Kh1 Qf2 26. gxh7+ Kh8 27. h4 Qxb2 28. Qxd7 d2 29. Kh2 Rad8 30. Qe7 d1Q 31. Rg6 Qxf3 32. Rxg7 Qf4+ 33. Rg3 Qxg2+ 34. Kxg2 Rd2+ 35. Kh3 Bf1+ 36. Rg2 Bxg2# 0-1